| 000 | 01665nam a2200397 c 4500 | ||
|---|---|---|---|
| 003 | BLK | ||
| 005 | 20250719135926.0 | ||
| 008 | 180411b bul|||||r ||||||| ||bul|| | ||
| 010 | _aKNG00206754000 | ||
| 020 |
_a978-954-27-1808-6 _bиздат.: Егмонт България |
||
| 040 | _aBLK | ||
| 041 |
_aBUL _cBUL |
||
| 072 | 7 |
_2bullib _aН79 _xСпорт Н |
|
| 080 |
_aКомпютърни игри _b794.5:681.322 _x(035) _z794.5:681.322(035) |
||
| 700 | 1 |
_aДжели, Крейг _e* _9347862 |
|
| 100 | 1 |
_aJelley, Craig _eпърви автор _914109 |
|
| 700 | 1 |
_aКожухаров, Димитър _eпрев. _9385211 |
|
| 700 | 1 |
_aБолдър, Джо _eил. _941105 |
|
| 700 | 1 |
_aМарш, Райън _eил. _9347863 |
|
| 139 |
_aДжели, Крейг _bД 50 |
||
| 245 | 1 | 0 |
_a[Майнкрафт] Minecraft _bСредновековна крепост : Разгънат строеж _c* Крейг Джели; Craig Jelley; прев. Димитър Кожухаров; ил. Джо Болдър; ил. Райън Марш. |
| 257 | _aUSA | ||
| 260 |
_аСофия _bЕгмонт България _c2016 _fОтпеч. в Италия |
||
| 300 |
_a81 с. _bс цв. ил. _c29 см |
||
| 380 | _a7 | ||
| 500 | _aОриг. загл.: Exploded builds: Medieval fortress / Craig Jelley | ||
| 650 | 4 |
_aКомпютърни игри _9309362 |
|
| 653 | _aелектронни игри | ||
| 659 | _aН | ||
| 852 | _aЦб ІІ 21815 | ||
| 856 | 4 |
_qpdf _u |
|
| 856 | 4 |
_qpdf _u |
|
| 942 |
_cKNG _n0 _089 |
||
| 944 |
_aCR _c23.05.2017 _k30553 _lИваничка Йорданова |
||
| 944 |
_aED _c26.06.2017 _kГеновева_Генчева |
||
| 999 |
_c197473 _d197473 |
||